| 000 | 00962nam a22002057a 4500 | ||
|---|---|---|---|
| 999 |
_c2583 _d2583 |
||
| 003 | AR-CdUCM | ||
| 008 | 190305b ||||| |||| 00| 0 spa d | ||
| 040 |
_aMUNICIPALIDAD PROVINCIAL DEL CUSCO _cBIBLIOTECA MUNICIPAL DEL CUSCO |
||
| 082 |
_a985.61 / _bV26 |
||
| 100 |
_aUgarte Vega Centeno, David _99129 |
||
| 245 |
_aCusco : _bLa Dimension Cultural Andina - Amazónica del Desarrollo Descentralizado y los Desafíos del Siglo XXI / |
||
| 260 |
_aCusco : _bInstituto Nacional de Cultura, _c2006. |
||
| 300 |
_a96 páginas ; _c22.5 cm. |
||
| 505 | _aContenido: Desarrollo Descentralizado -- Region sustentada en su valor cultural Andino -- Politicas Publicas Culturales -- Relacion Cultural del binomio Agua - Tierra -- La integracion sustentable de los recursos naturales -- El turismo diversificado... | ||
| 650 |
_aDesarrollo Economico _91696 |
||
| 650 |
_aCiudad Cultural _99130 |
||
| 650 |
_aEconomia Cusqueña _99131 |
||
| 942 |
_2ddc _cLIBROS |
||
| 945 | _artm | ||